00851cam a22002654a 450000100090000000300040000900500170001300800410003001000170007102000150008804000180010304200080012105000230012908200150015224500830016726000470025030000290029750400510032665000230037765000280040065000220042870000220045070000220047285600910049414170490OSt20170121152129.0051116s2006 flua b 001 0 eng  a 2005044886 a0849320992 aDLCcDLCdDLC apcc00aR857.S47bB56 200600a610.2822200aBiomedical signal and image processing /cKayvan Najarian and Robert Splinter. aBoca Raton :bCRC/Taylor & Francis,c2006. a417 p. :bill. ;c24 cm. aIncludes bibliographical references and index. 0aSignal processing. 0aBiomedical engineering. 0aImage processing.1 aNajarian, Kayvan.1 aSplinter, Robert.423Publisher descriptionuhttp://www.loc.gov/catdir/enhancements/fy0646/2005044886-d.html